Sparta - quiz wielokrotnego wyboru - Statystyki

Ogólne statystyki
  • Ten quiz został rozwiązany 795 razy
  • Średni wynik to 6 z 10
Statystyki odpowiedzi
Zagadnienie Odpowiedź % Poprawnych
Kto był królem Sparty, który zginął w tej bitwie? Leonidas
94%
Ilu Spartan walczyło w bitwie pod Termopilami? 300
93%
W jakim wieku większość spartańskich chłopców trafiała do surowej szkoły wojskowej zwanej agoge? 7 lat
83%
W jakiej wojnie Sparta pokonała Ateny? W wojnie peloponeskiej
81%
Kto sprawował władzę nad resztą Grecji, ale z szacunku pominął Spartę? Macedończycy
57%
W jakim historycznym regionie Grecji znajduje się Sparta? Lakonia
54%
Heloci stanowili większość populacji starożytnej Sparty. Kim byli? Niewolnikami
49%
Który legendarny król Sparty stracił swoją żonę Helenę, gdy została uwiedziona lub porwana przez Parysa? Menelaos
44%
Jaki był sposób mówienia Spartan? Zwięzły i dowcipny
43%
Starożytni Spartanie słynęli z corocznego festiwalu Gymnopaedia, co w języku polskim oznacza _____ młodość. Naga
26%
Nie znaleziono quizów pasujących do podanych kryteriów
Rozkład punktacji
Procent ludzi z każdym wynikiem
Percentyl według liczby udzielonych odpowiedzi
Twoja historia wyników
Nie rozwiązałeś tego quizu